25 Most Populous US States Quiz Stats

 Plays Quiz Updated Sep 10, 2017

Challenge
Share
Tweet
Score 0/25 Timer 04:00
7 Plays Today
% Correct
California
98.5%
Texas
98.1%
Florida
96.9%
New York
96.2%
Pennsylvania
92.7%
Georgia
90.6%
North Carolina
89.1%
Illinois
89.1%
Virginia
88.6%
Ohio
87%
Michigan
86.1%
Washington
79.5%
Indiana
77.8%
% Correct
New Jersey
77.4%
Arizona
77.2%
Massachusetts
76.4%
Wisconsin
73.4%
Tennessee
73.4%
Louisiana
70.8%
Minnesota
66.6%
Maryland
65.6%
Missouri
65.5%
Colorado
63.4%
South Carolina
63.3%
Alabama
49.6%

You're not logged in!

Compare scores with friends on all Sporcle quizzes.
OR
Log In

You Might Also Like...

Show Comments

Extras

Top Quizzes Today


Score Distribution

Your Account Isn't Verified!

In order to create a playlist on Sporcle, you need to verify the email address you used during registration. Go to your Sporcle Settings to finish the process.

Report this User

Report this user for behavior that violates our Community Guidelines.

Details: